| 000 | 00000nam##2200000za#4500 |
| 001 | 9.695536 |
| 003 | CaOODSP |
| 005 | 20210624234624 |
| 007 | cr ||||||||||| |
| 008 | 150407|1999||||xxc|||||o f|0| 0 eng|d |
| 040 | |aCaOODSP|beng |
| 043 | |an-cn--- |
| 086 | 1 |aH114-6/1999E-PDF |
| 110 | 1 |aCanada. |bPest Management Regulatory Agency. |
| 245 | 10|aRegistrant information on the Pest Management Regulatory Agency, Research Permit Inspection Program |h[electronic resource] |
| 260 | |bHealth Canada. |c1999. |
| 300 | |a2p. |
| 590 | |a12-08-Supp|b2012-03-16 |
| 690 | 07|aPermits|2gcpds |
| 690 | 07|aPesticides|2gcpds |
| 775 | 08|tProgramme d'inspections relatives aux permis de recherche : |w(CaOODSP)9.639668 |
| 776 | 0#|tRegistrant information on the Pest Management Regulatory Agency Research Permit Inspection Program : |w(CaOODSP)9.663195 |
| 776 | 0#|tProgramme d'inspections relatives aux permis de recherche : |w(CaOODSP)9.663196 |
| 856 | 40|ahttp://publications.gc.ca|qPDF|s33 KB|uhttps://publications.gc.ca/collections/Collection/H114-6-1999E.pdf |